Images That End in 'OON' Quiz Stats

 Plays Quiz Updated Jul 11, 2018

Score 0/24 Timer 04:00
1 Play Today
Answer % Correct
Spoon
99.8%
Moon
99%
Balloon
98.7%
Raccoon
98.7%
Noon
92.9%
Maroon
92.9%
Cartoon
91.6%
Baboon
89.4%
Cocoon
85.8%
Typhoon
81.9%
Platoon
79.3%
Witherspoon
78.7%
Answer % Correct
Harpoon
74.3%
Lagoon
74%
Bassoon
72.8%
Macaroon
72.4%
Saloon
66.7%
Pantaloon
66.5%
Cameroon
62.5%
Swoon
58.2%
Loon
57.8%
Spittoon
54.6%
Pontoon
54.5%
Doubloon
39.6%

You're not logged in!

Compare scores with friends on all Sporcle quizzes.
OR
Log In

Sporcle TV

Today on Sporcle TV


Watch our educational content, quiz creation guides, and fun videos on Sporcle TV.

Show Comments

Extras

Top Quizzes Today


Score Distribution

Your Account Isn't Verified!

In order to create a playlist on Sporcle, you need to verify the email address you used during registration. Go to your Sporcle Settings to finish the process.

Report this User

Report this user for behavior that violates our Community Guidelines.

Details: